ბათუმის შოთა რუსთაველის სახელმწიფო უნივერსიტეტის ბიბლიოთეკა

Безопасная эксплуатация паровых котлов сосудов и трубопровод(сборник официальных материалов). (ბიბ.ჩანაწერი № 38190)

000 -LEADER
fixed length control field 00822nam a2200205Ia 4500
001 - CONTROL NUMBER
control field 4180
003 - CONTROL NUMBER IDENTIFIER
control field GE_BSU
008 - FIXED-LENGTH DATA ELEMENTS--GENERAL INFORMATION
fixed length control field 181216s||||||||xx |||||||||||||| ||und||
040 ## - CATALOGING SOURCE
Transcribing agency GE_BSU
080 ## - UNIVERSAL DECIMAL CLASSIFICATION NUMBER
Universal Decimal Classification number 621.1(076)
245 ## - TITLE STATEMENT
Title Безопасная эксплуатация паровых котлов сосудов и трубопровод(сборник официальных материалов).
245 ## - TITLE STATEMENT
Statement of responsibility, etc. Состав. В.И.Тришакин, В.И.Чермега. Ред. Н.М.Корнилова, Л.И. Носова.
250 ## - EDITION STATEMENT
Edition statement изд. 2-е, доп.
260 ## - PUBLICATION, DISTRIBUTION, ETC.
Place of publication, distribution, etc. Киев.
260 ## - PUBLICATION, DISTRIBUTION, ETC.
Name of publisher, distributor, etc. Техника.
260 ## - PUBLICATION, DISTRIBUTION, ETC.
Date of publication, distribution, etc. 1978.
300 ## - PHYSICAL DESCRIPTION
Extent 438стр. 22 см.
653 ## - INDEX TERM--UNCONTROLLED
Uncontrolled term Безопасная эксплуатация паровых котлов сосудов и трубопровод.
942 ## - ADDED ENTRY ELEMENTS (KOHA)
Koha item type წიგნი
ეგზემპლარები
Withdrawn status Lost status Damaged status Not for loan Date acquired Barcode Date last seen Price effective from Koha item type Public note
        2018-12-17 9386 2018-12-17 2018-12-17 წიგნი საცავი